Czech National Bank annual report 1999
Gespeichert in:
| Format: | Buch |
|---|---|
| Sprache: | Englisch |
| Veröffentlicht: |
Praha
Czech National Bank
[2000]
|
| Schlagworte: | |
| Tags: |
Keine Tags, Fügen Sie das erste Tag hinzu!
|
MARC
| LEADER | 00000nam a2200000 4500 | ||
|---|---|---|---|
| 001 | c119580 | ||
| 005 | 20221108091738.8 | ||
| 041 | 0 | |a eng | |
| 044 | |a CZ | ||
| 245 | 1 | 0 | |a Czech National Bank |b annual report 1999 |
| 264 | 1 | |a Praha |b Czech National Bank |c [2000] | |
| 300 | |a 96 s. |e 1 CD ROM | ||
| 610 | 2 | 0 | |a banky |
| 610 | 2 | 0 | |a bankovníctvo |
| 610 | 2 | 0 | |a bilancie |
| 610 | 2 | 0 | |a štruktúra organizačná |
| 610 | 2 | 0 | |a politika peňažná |
| 610 | 2 | 0 | |a situácia hospodárska |
| 610 | 2 | 0 | |a spotreba |
| 610 | 2 | 0 | |a investície |
| 610 | 2 | 0 | |a produkcia |
| 610 | 2 | 0 | |a trh práce |
| 610 | 2 | 0 | |a mzdy |
| 610 | 2 | 0 | |a ceny |
| 610 | 2 | 0 | |a účty |
| 610 | 2 | 0 | |a financie verejné |
| 610 | 2 | 0 | |a trh finančný |
| 610 | 2 | 0 | |a Česko |
| 610 | 2 | 0 | |a ČNB Praha |
| 610 | 2 | 0 | |a 1999 |